Statistics for Prefectures of Chubu

Click here to take the quiz!

General Stats

  • This quiz has been taken 44 times
  • The average score is 7 of 9

Answer Stats

Prefectures% Correct
Aichi
88%
Fukui
82%
Ishikawa
82%
Nagano
82%
Shizuoka
82%
Gifu
76%
Toyama
76%
Niigata
71%
Yamanashi
71%

Score Distribution

Percentile by Number Answered

Percent of People with Each Score

Your Score History

You have not taken this quiz